000 00336nam a2200145Ia 4500
003 OSt
008 191201s2005 xx 000 0 und d
082 _a658.81
_bKHS
100 _aKHAN, Matin
245 0 _aSales and Distribution Management
260 _aN. Delhi
_bExcel Books
_c2005
300 _a350
650 _aMBA
942 _2ddc
_cBK
999 _c6548
_d6548